Vývoj zahraničného obchodu západného Balkánu vo svetle pokračujúcej ekonomickej integrácie regiónu

Analýza zahraničného obchodu krajín západného Balkánu a jeho vývoj z hľadiska ekonomickej integrácie s Európskou úniou a vzniku integračných štruktúr v rámci regiónu (CEFTA).

Enregistré dans:
Détails bibliographiques
Auteur principal: Gabrielová, Petra
Format: Chapitre de livre
Langue:slovaque
Sujets:
Tags: Ajouter un tag
Pas de tags, Soyez le premier à ajouter un tag!

MARC

LEADER 00000naa a2200000 4500
001 0177255
005 20240502073023.6
041 0 |a slo 
044 |a SK 
245 1 0 |a Vývoj zahraničného obchodu západného Balkánu vo svetle pokračujúcej ekonomickej integrácie regiónu  |c Petra Gabrielová 
520 |a Analýza zahraničného obchodu krajín západného Balkánu a jeho vývoj z hľadiska ekonomickej integrácie s Európskou úniou a vzniku integračných štruktúr v rámci regiónu (CEFTA). 
610 2 0 |a Balkán 
610 2 0 |a Európska únia 
610 2 0 |a obchod zahraničný 
610 2 0 |a integrácia ekonomická medzinárodná 
100 1 |a Gabrielová, Petra